000 00474nam a2200181Ia 4500
005 20250326125125.0
008 250326s9999 xx 000 0 und d
037 _aTextbook
040 _aFMSL
_beng
_cFMSL
041 _aeng
_2eng
084 _aX:9.5923 K2
_qFMSL
100 _aILO
245 0 _aWorkers' management in yugoslavia
_cILO
260 _aGeneva
_bGeneva, ILO
_c1962
300 _a320p
942 _cTB
_hX:9.5923 K2
999 _c1276645
_d1276645